000 00451pab a2200169 454500
008 180718b2004 xxu||||| |||| 00| 0 eng d
100 _aDesarda, H.M.
245 _aGuaranteed employment for the rural poor: a conceptual framework and operational strategy
260 _c2004
300 _ap.34-65.
362 _aJul-Dec
650 _aPoverty
650 _aRural poor
650 _aEmployment
773 _aGandhian Perspectives
909 _a67373
999 _c67373
_d67373